000 00361nam a2200133Ia 4500
008 230524s9999 xx 000 0 und d
020 _a0079136656
100 _aAn International Reference Work
245 0 _a"Encyclopedia of Science & Technology, Vol-1-20"
260 _bMGH
500 _aQuantity Number: 20
650 _aMiscellaneous
_91877
942 _cBK
999 _c51167
_d51167